1972 1304 1615 1662 1373 1065 1204 1851 1158 1681 1236 1352 1655 1721 1887 1629 1998 1919 1638 1742 1522 1254 1127 1519 1497 1194 1446 1870 1575 1846 1381 1319 1408 1992 1818 1058 1540 1065 1417 1954 1784 1649 1694 1331 1109 1729 1651 1870 1286 1106 1594 1444 1477 1803 1093 1809 1904 1107 1976 1866 1614 1576 1643 1324 1306 1034 1595 1035 1989 1966 1594 1961 1231 1095 1505 1292 1555 1385 1313 1128 1140 1519 1642 1806 1392 1714 1545 1483 1741 1984 1538 1366 1143 1291 1460 1075 1582 1335 1149 BCNSPRNW ULIB Ver.6.0+V

เปลี่ยนเป็นภาษาไทย

Change to English
 แสดงรายละเอียดบรรณานุกรม
  กลับหน้าหลัก

Brief Record : Get Marc (ISO 2709) : E-mail record : QR code < ปิดหน้าต่าง
LEADER : 00000nam 2200000uu 4500
001    13399122052
003     ULIB
008    121221s2551||||th 000 0 tha d
020    ^a9789740409137
060 04 ^aWK102^bส773H 2551
100 0  ^aสุทธิพงศ์ วัชรสินธุ
245 00 ^aHi! Hormone=^bรู้จักฮอร์โมนสักนิด เพื่อชีวิตที่ดีของลูก /^cสุทธิพงศ์ วัชรสินธุ
250    ^aพิมพ์ครั้งที่ 1
260    ^aกรุงเทพฯ :^bซีเอ็ดยูเคชั่น,^c2551
300    ^a109 หน้า :^bภาพประกอบ
650  7 ^aฮอร์โมน
650  7 ^aลูก
945    ^p190^l0^i15257
995    ^aทศพร
999    ^aทศพร เกษรทอง
รายการนี้ยังไม่มีแท็ก
คุณยังไม่ได้ล็อกอิน คุณสามารถมีกิจกรรมร่วมกับเว็บไซต์ได้ แต่ต้องล็อกอินก่อน ::
  ล็อกอิน

รายการสื่อสารสนเทศ

ลำดับที่ ประเภท เลขเรียก/บาร์โค้ด สถานที่ สถานะ
1. วิทยาศาสตร์การแพทย์ และสุขภาพ
วิทยาศาสตร์การแพทย์ และสุขภาพ
WK102 ส773H 2551 ฉ.1 
  Barcode: 15257
ห้องสมุดวิทยาเขตสวรรค์ประชารักษ์
►ส่วนจัดเก็บหนังสือเก่า สปร
บนชั้น
  ขอยืม

รายการใกล้เคียง
    ผู้แต่ง [สุทธิพงศ์ วัชรสินธุ]

    หัวเรื่อง [ฮอร์โมน]
    หัวเรื่อง [ลูก]

BibComment


ยังไม่เคยถูกคอมเมนท์

คอมเมนท์ทรัพยากรรายการนี้
  คอมเมนท์: Hi Hormone รู้จั..


 Copyright 2026. Bcnsprnw @Library